Protección judicial de las relaciones colectivas de trabajo
Guardat en:
| Autor principal: | |
|---|---|
| Format: | Llibre |
| Idioma: | espanyol |
| Publicat: |
Bilbao
Gomylex
2009
|
| Edició: | 1a. ed |
| Col·lecció: | Cuadernos de Técnica Procesal, 2
|
| Matèries: | |
| Etiquetes: |
Afegir etiqueta
Sense etiquetes, Sigues el primer a etiquetar aquest registre!
|
MARC
| LEADER | 00000nam a2200000 a 4500 | ||
|---|---|---|---|
| 001 | UCH4517 | ||
| 003 | CL-VaPUC | ||
| 008 | 090820e20090400SP |||||||||||||||||spa|d | ||
| 020 | |a 9788493697631 | ||
| 082 | 0 | 4 | |a 340.2 |b ZOR |2 21 |
| 100 | 0 | |a Zorrilla Ruiz, Manuel María |e author |9 540057 | |
| 245 | 1 | 0 | |a Protección judicial de las relaciones colectivas de trabajo |
| 250 | |a 1a. ed | ||
| 300 | |a 176 p | ||
| 942 | |c BK | ||
| 945 | |d 20090820 00:00:00 |a dcastane | ||
| 260 | |a Bilbao |b Gomylex |c 2009 | ||
| 650 | 0 | |a Derecho comparado |9 255664 | |
| 650 | 7 | |a DERECHO LABORAL |2 CL-VaPUC |9 15 | |
| 650 | 0 | |a Conflictos laborales |9 256688 | |
| 650 | 7 | |a POLITICA LABORAL |2 CL-VaPUC |9 319338 | |
| 583 | |a last modification |c 20170803 10:34:18 |k Rodrigo Vera | ||
| 490 | 0 | |a Cuadernos de Técnica Procesal, 2 | |
| 999 | |c 335808 |d 335806 | ||
| 952 | |0 0 |1 0 |4 0 |6 340_200000000000000_ZOR_2009 |7 0 |8 A |9 426532 |a BIBDER |b BIBDER |d 2019-11-22 |i 4588436 |o 340.2 ZOR 2009 |p 4588436 |r 2023-01-25 |w 2019-11-22 |y BK |k DER | ||